000 00617nam a2200229Ia 4500
003 OSt
005 20221007075711.0
006 a|||||r|||| 00| 0
007 ta
008 221006b |||||||| |||| 00| 0 eng d
024 _a15,966
037 _cTextual
040 _aFLL
_cFLL
_beng
041 _2eng
_aeng
082 _aX723:Z211, L0
100 _aSonachalam K.S.
_9235552
245 0 _aLand reforms in Tamilnadu
260 _aNew Delhi
_bOxford & IBH Publishing Co. India
_c1970
300 _a201p
_ccm.
942 _hX723:Z211, L0
_cTEXL
_2CC
999 _c1157059
_d1157059